Раннемеловые брахиоподы. (Морфология, систематика, филогения, значение для биостратиграфии и палеозоогеографии)

Bibliographische Detailangaben
1. Verfasser: Смирнова Т. Н. Татьяна Николаевна
Körperschaft: Академия наук СССР (АН СССР) Палеонтологический институт (ПИН)
Weitere Verfasser: Афанасьева Г. А. (редактор)
Sprache:Russisch
Veröffentlicht: Москва, Наука, 1984
Schlagworte:
Format: Buch
KOHA link:https://koha.lib.tpu.ru/cgi-bin/koha/opac-detail.pl?biblionumber=296737

MARC

LEADER 00000nam0a2200000 4500
001 296737
005 20231102000933.0
020 |a RU  |b 84-58108 
035 |a (RuTPU)RU\TPU\book\321845 
090 |a 296737 
100 |a 20150602d1984 k y0rusy5003 ca 
101 0 |a rus 
102 |a RU 
105 |a a z 001zy 
200 1 |a Раннемеловые брахиоподы. (Морфология, систематика, филогения, значение для биостратиграфии и палеозоогеографии)  |f Т. Н. Смирнова  |g Академия наук СССР (АН СССР), Палеонтологический институт (ПИН) ; под ред. Г. А. Афанасьевой 
210 |a Москва  |c Наука  |d 1984 
215 |a 200 с.  |c ил., 12 л. ил. 
320 |a Библиогр.: с. 185-193 
606 1 |a Моллюски ископаемые  |2 stltpush  |3 (RuTPU)RU\TPU\subj\66870  |9 82879 
610 1 |a брахиоподы 
610 1 |a меловой период 
610 1 |a морфология 
610 1 |a систематика 
610 1 |a биостратиграфия 
610 1 |a палеозоогеография 
610 1 |a филогения 
675 |a 564  |z rus  |v 4 
700 1 |a Смирнова  |b Т. Н.  |g Татьяна Николаевна 
702 1 |a Афанасьева  |b Г. А.  |4 340 
712 0 2 |a Академия наук СССР (АН СССР)  |b Палеонтологический институт (ПИН)  |c (Москва)  |2 stltpush  |3 (RuTPU)RU\TPU\col\11384 
801 0 |a RU  |b RuMRKP  |c 19950704  |g psbo 
801 1 |a RU  |b 63413507  |c 20150602 
801 2 |a RU  |b 63413507  |c 20170726  |g RCR 
942 |c BK